|
|
|
|
| LEADER |
00847ncm a22002292a 4500 |
| 001 |
001220697 |
| 003 |
CZ BrMZK |
| 005 |
20120607081254.0 |
| 007 |
qu |
| 008 |
120607s1958 xr |||||||||||||||||zxx d |
| 040 |
|
|
|a BOA001
|b cze
|
| 072 |
|
7 |
|a 788
|x Hudba pro dechové nástroje
|2 Konspekt
|9 9
|
| 100 |
1 |
|
|a Vorlová, Sláva,
|d 1894-1973
|7 jk01150714
|4 cmp
|
| 245 |
1 |
0 |
|a Concerto, op. 31
|h [hudebnina] :
|b pour trompette et orchestre : partition /
|c Sláva Vorlová
|
| 260 |
|
|
|a Praha :
|b Český hudební fond,
|c 1958
|
| 300 |
|
|
|a 1 partitura (93 s.)
|
| 500 |
|
|
|a Rozmnoženo
|
| 910 |
|
|
|a BOA001
|b Mus4-0401.583
|
| 990 |
|
|
|a MU
|
| 991 |
|
|
|b 201206
|
| 996 |
6 |
|
|b 2619620825
|c Mus4-0401.583
|l MZK
|r Sklad / do 1 hodiny
|n 0
|w 001254620
|u 000020
|a 1
|e BOA001
|j MZK50
|s P
|
| 996 |
7 |
|
|b 2619620826
|c Mus4-0401.583
|l MZK
|r Sklad / do 1 hodiny
|n 0
|w 001254620
|u 000010
|a 1
|e BOA001
|j MZK50
|s A
|